Girl Names in Top 100 in 1917 & 2017-USA - Statistics

General Stats
  • This quiz has been taken 207 times
  • The average score is 11 of 20
Answer Stats
2017 1917 Answer % Correct
#1 #46 Emma
93%
#13 #8 Elizabeth
83%
#53 #7 Anna
80%
#62 #52 Sarah
76%
#7 #76 Charlotte
69%
#16 #83 Ella
65%
#21 #30 Grace
65%
#9 #11 Evelyn
59%
#35 #26 Eleanor
56%
#93 #47 Julia
56%
#70 #13 Alice
51%
#52 #88 Lucy
51%
#48 #84 Violet
47%
#73 #54 Eva
46%
#79 #27 Ruby
46%
#27 #15 Lillian
43%
#96 #41 Clara
32%
#43 #31 Hazel
30%
#42 #62 Stella
23%
#97 #79 Vivian
17%
No matching quizzes found
Score Distribution
Percent of People with Each Score
Percentile by Number Answered
Your Score History
You have not taken this quiz